000 00447nam a2200169Ia 4500
008 131103s9999 xx 000 0 und d
040 _aLoreto College
041 _aEnglish
082 _aF/MIC
_bLCLIB/26179
100 _aMichener,James A.
245 _aChesapeake
_cJames A.Michener
260 _aBombay
_bAllied Publishers Private Ltd.
_c1948
300 _a865 p.
_c 21 cm.
650 _aFiction in English
850 _aLCLIB
942 _cBK
999 _c14268
_d64747